| 000 | 01049cab a2200205 4500 | ||
|---|---|---|---|
| 001 | ABS42166 | ||
| 008 | 090401t1990 xxu||||| |||| 00| 0 eng d | ||
| 035 | _a(Sirsi) u35065 | ||
| 041 | _aeng | ||
| 100 | _aWebster, P. | ||
| 245 | _aEuropean directives and the construction market | ||
| 260 | _c1990 | ||
| 350 | _a0 | ||
| 490 |
_aLaw Society`s Gazette _v(7) 21 February 1990, 18-24(4) |
||
| 520 | _aLooks at the EC Directives of importance to the Europe an construction industry . Detail is provided on harmonisation of legislation for public supply contracts , ( Directive 88/295/EEC ), the public works directive ( Directive 89/440/EEC ) and their implications for the UK industry. The exclusions from these two directives are noted. Another recently adopted directive providing for effective compliance and enforcement ( Directive 89/665/EEC ) and developments in harmonisation of technical specifications and qualifications are also considered. | ||
| 650 | _aEEC | ||
| 690 | _aEUROPE-SINGLE MARKET | ||
| 942 | _n0 | ||
| 948 | _c04/03/1997 | ||
| 999 |
_c23032 _d23032 |
||